| 000 | 01383nam0a2200325 4500 | ||
|---|---|---|---|
| 001 | RU\NLR\ONL2\6237 | ||
| 005 | 20250613125931.0 | ||
| 010 |
_a5-93091-076-6 _9300 |
||
| 035 | _a(NLR Aleph) 009653834 | ||
| 090 |
_a9581570 _c9581569 |
||
| 100 | _a20061101d2005 |||y0rusy50 ca | ||
| 101 | 0 | _atat | |
| 102 | _aRU | ||
| 105 | _ay ||||||||| | ||
| 200 | 1 |
_aХэзерге татар эдэби телендэ килеш монэсэбэтлэренен белдерелуе _fГ. Р. Сэмирханова _gТатарстан ФА. Г. Ибраhимов исем. Тел, эдэбият hэм сэнгать ин-ты |
|
| 210 |
_aКазан _cТЭСИ _d2005 |
||
| 215 |
_a159, [1] б. _d20 |
||
| 320 | _aБиблиогр.: с. 145-159. | ||
| 541 | 1 |
_6z01790 _aВыражение падежных отношений в татарском литературном языке. _zrus |
|
| 606 | 0 |
_aТатарский язык _xГрамматика _91748034 _3RU\NLR\auth\661078538 |
|
| 686 | 1 | _aШ163.23-2 | |
| 700 | 1 |
_aСэмирханова _bГ. Р. _gГөлнур Рэшит кызы _4070 |
|
| 790 | 1 |
_6z01541 _aСамирханова _bГ. Р. _gГельнур Рашитовна _4070 |
|
| 801 | 0 |
_aRU _bNLR _c20061101 _gPSBO |
|
| 852 |
_aNLR _bОНЛ _jТатар./2-12044 |
||
| 942 | _cBOOK | ||
| 980 | _aNB | ||
| 980 | _aONL_RF | ||